000 00314nam a22001457a 4500
003 SGT
020 _a9780323826624
082 _a611
_bN22H
100 _aHansen, John T.
245 _aNetter's Clinical Anatomy
260 _aNetherlands
_bElsevier
_c2022
300 _a573
650 _aAnatomy
942 _2ddc
_cBK
999 _c24788
_d24788